Quizzes
Events
Quiz Creation
Community
Videos
Private Events
Remove Ads
Sign In
Join for FREE
Feedback
Dark Mode
Quiz Categories
Sports
Geography
Music
Movies
Television
Just For Fun
Miscellaneous
History
Literature
Language
Science
Gaming
Entertainment
Religion
Holiday
For Kids
Quiz Lab
Recent
Popular Today
Quiz Kudos Today
Editor Picks
Curator Picks
Quizzes by...
Day
Popularity
Type
Ratings
Length
Year
Community
Subscriptions
Recent Discussions
Orange Saloon
Badges
Playlists
Quests
Create
Leaderboards
Showdown
Live 5
Trivia Bingo
Activity
Puzzle Library
Sporcle Events
Private Events
Virtual Trivia
Globe League
Become a Host
Pub Owners
SporcleCon
Opinionation
Our Games
Videos
Blog
Mobile Apps
Partnerships
Remove Ads and Go Orange
Feedback
Just For Fun
Clickable
Get the Picture
Humor
Quick Pick
Word Ladder
Missing Word
Mixed Word
Blitz
Minefield
This or That
Alphabet
Color
Typing
Sporcle
Puzzle
Word Play
Follow That Line
Logic
Just For Fun
Clickable
Get the Picture
Humor
Quick Pick
Word Ladder
Missing Word
Mixed Word
Blitz
Minefield
This or That
Alphabet
Color
Typing
Sporcle
Puzzle
Word Play
Follow That Line
Logic
Random Quiz
Search Sporcle
×
Quiz Lab
Quiz Lab
Just For Fun
tenkaichi
Type in answers that appear in a list
Type in answers that appear in a list
Classic
Best Score? Go Orange.
Dragonball Z Budokai Tenkaichi 3 Characters Stats
Can you name the Dragonball Z Budokai Tenkaichi 3 Characters?
By
cjones12345
15m
101 Questions
222 Plays
222 Plays
222 Plays
Comments
Comments
Give Quiz Kudos
Give Quiz Kudos
-
- Ratings
hide this ad
Replay
Link that replays current quiz
Next Quiz
Link to next quiz in quiz playlist
You Got
0%
They Got
Avg Score
56%
Avg Friend Score
Upgrade to see
Score Distribution
Jump to the score distribution portion of the page
Score
0/101
Timer
15:00
0
Plays Today
Hint
Answer
% Correct
Vegeta
88.3%
Gohan
82%
Kid Goku
78.4%
Krillin
73%
Yamcha
72.1%
Goten
71.6%
Mid Goku
71.2%
Early Goku
69.8%
End Goku
69.8%
Kid Gohan
69.8%
Teen Gohan
69.8%
Tien
68.5%
Frieza
67.6%
Cell
67.6%
Nappa
66.2%
Majin Buu
66.2%
Raditz
65.8%
Android 18
65.3%
Kid Buu
64.9%
Chiaotzu
64.4%
Dr. Gero
64.4%
Android 17
64.4%
GT Goku
64%
Kid Trunks
64%
Videl
64%
Android 19
64%
Majin Vegeta
63.5%
Android 16
63.5%
Super Buu
63.5%
Captain Ginyu
63.1%
Burter
63.1%
Recoome
62.6%
Guldo
62.6%
Cooler
62.6%
Hint
Answer
% Correct
Broly
62.6%
Hercule
61.7%
Bardock
61.3%
Zarbon
61.3%
Dodoria
60.8%
King Cold
60.8%
Android 13
60.8%
Master Roshi
60.4%
Turles
60.4%
Cell Jr.
59.9%
Evil Buu
59.9%
Lord Slug
59.9%
Vegito
59.5%
Gotenks
58.6%
Babidi
57.7%
Cui
57.2%
Demon King Dabura
57.2%
Scouter Vegeta
56.8%
Arale
56.8%
Garlic Jr.
56.8%
Baby Vegeta
56.8%
Android 8
56.3%
Ultimate Gohan
55.9%
Future Gohan
55.9%
Early Piccolo
55.4%
End Piccolo
55%
Nail
55%
General Blue
55%
Janemba
55%
Pan
54.5%
Fasha
54.3%
Super 17
54.1%
Saibamen
53.6%
King Piccolo
53.2%
Hint
Answer
% Correct
Mecha Frieza
53.2%
Meta-Cooler
53.2%
Bojack
52.3%
Syn Shenron
52.3%
Appule
51.8%
King Vegeta
51.6%
Spopovich
51.4%
Frieza Soldier
50.9%
Nuova Shenron
50.9%
Uub
50.5%
Supreme Kai
50.5%
Dr. Wheelo
50.5%
Grandpa Gohan
49.1%
Tapion
47.7%
Tambourine
47.7%
Super Saiyan 4 Vegeta
46.4%
Devilman
46.4%
Yajirobe
45.9%
Hirudegarn
45.5%
Pikkon
45%
Zangya
45%
Kid Chi-Chi
44.6%
General Tao
44.6%
Salza
44.6%
Nam
44.1%
Super Saiyan 4 Gogeta
41.4%
Super Gogeta
40.5%
Jiece
39.6%
Cyborg Tao
39.2%
Emperor Pilaf
30.6%
Trunks with Sword
30.2%
Vegeta in Second Costume
25.2%
Trunks with Armor
23.9%
Quiz Playlist
Details
Report
Send in Message
Add To Playlist
Classic:
Type in answers that appear in a list
Last Updated: Feb 16, 2017
Quiz Scoreboard
CHALLENGE
Sign Up to Join the Scoreboard
Show All
Scores
Hide
Comments
May contain spoilers
Recently Published
Presidents Visiting Landmarks
by Hejman
History
7m
An Introduction to Baseball
by treessimontrees
Sports
5m
Movies - When Are They Set?
by FPL_Elf
Movies
5m
More to Explore
Quiz From the Vault
Featured Blog Post
Where Did the Easter Bunny Come From?
hide this ad
You Might Also Like...
Tags
budokai
Character
Dragon Ball
tenkaichi
Today's Top Quizzes in Just For Fun
Browse Just For Fun
hide this ad
Top Contributed Quizzes in Just For Fun
1
Crossword Whiteout! 49
2
Killer Double Trees 224 - Colour Match-Up
3
Harry Potter Logic - 'In Chains' II
4
Spring Typing Challenge
5
Survivor Winners Logic Puzzle
6
Zeroing In: Just For Fun
7
Word Ladder: Ahoy Matey
8
Edinburgh Fringe jokes 2015
9
Thermometer Puzzle 25
10
Aquarium Logic Puzzle 17
Explore More
Trending Topics
Kpop
Harry Potter
Anime
Crossword
NBA
Marvel
Disney
Country
Pokémon
Song
Puzzle
NFL
Soccer
The Office
WWE
hide this ad
More By:
cjones12345
Quiz
Plays
Rating
Category
Featured
Created
Name Sonic Characters
458
Entertainment
May 13, 2012
Dragonball Z Budokai Tenkaichi 3 Characters
222
Just For Fun
Jun 8, 2015
Name Zatch Bell character's powers
202
5.00
Just For Fun
May 9, 2012
Yu Yu Hakusho: Name Characters
153
Just For Fun
Oct 18, 2012
One Piece Arcs
85
Just For Fun
May 10, 2012
Go to Creator's Profile
Score Distribution
Quiz Creator Spotlight
cjones12345
Follow
Send a Message
Quizzes Created
-
Created Quiz Play Count
-
More By This Creator
Popular Quizzes Today
1
Find the US States - No Outlines Minefield
2
Find the Countries of Europe - No Outlines Minefield
3
The Countries of the World
4
Popular People in 1961
5
Find the US States
6
US States
7
Risky Map Clicking: Biggest States A-Z
8
1-10 Letter E Words III
More Just For Fun Quizzes
Quick Pick: Steve Jobs or Not?
Quiz Lab
Trending Quizzes
Risky Map Clicking: Least Populous States A-Z
1-10 Letter G Words
1-10 Letter F Words
One Thing in Common: United Kingdom
Risky Map Clicking: Next State Alphabetically
Recently Updated
Leaping Animals
pecheneg
Reality TV Shows (A-Z)
bhenderson79
Rickey Henderson's Hall of Fame Teammates
pecheneg
Champions League XIs: Arsenal
pecheneg
Quick Pick: Celebrities in WWE's Hall of Fame
aduchscher
A-Z Keypad Blitz II
pecheneg
Multiple Oscar Actors
pecheneg
Mystery Phrase Blitz: Oscar 'Best Actors'
pecheneg
F. Scott Fitzgerald Novels
LTH
Pick 3 Villains
ddd62291
Trending Topics
Harry Potter
NBA
Crossword
Marvel
Disney
Anime
Kpop
Puzzle
NFL
WWE
Country
Song
Soccer
The Office
Pokémon
Your Account Isn't Verified!
In order to create a playlist on Sporcle, you need to verify the email address you used during registration. Go to your
Sporcle Settings
to finish the process.
Report this User
Report this user for behavior that violates our
Community Guidelines
.
Details:
Send Report
Go to the Sporcle.com Mobile Site →
Comments